Eighteenth century English literature: Modern essays in criticism / (Record no. 11860)
[ view plain ]
| 000 -LEADER | |
|---|---|
| fixed length control field | 00418cam a2200145ua 4500 |
| 041 ## - LANGUAGE CODE | |
| Language code of text/sound track or separate title | eng |
| 082 ## - DEWEY DECIMAL CLASSIFICATION NUMBER | |
| Classification number | 828.09 |
| Item number | CLI/EI |
| 100 ## - MAIN ENTRY--AUTHOR NAME | |
| Personal name | Clifford, James L . |
| 245 ## - TITLE STATEMENT | |
| Title | Eighteenth century English literature: Modern essays in criticism / |
| 260 ## - PUBLICATION, DISTRIBUTION, ETC. (IMPRINT) | |
| Place of publication | New York : |
| Name of publisher | Oxford University Press , |
| Year of publication | 1959. |
| 300 ## - PHYSICAL DESCRIPTION | |
| Number of Pages | 351 ; . |
| 942 ## - ADDED ENTRY ELEMENTS (KOHA) | |
| Koha item type | Books |
| Withdrawn status | Lost status | Damaged status | Home library | Current library | Date acquired | Cost, normal purchase price | Full call number | Accession Number | Koha item type | Public note |
|---|---|---|---|---|---|---|---|---|---|---|
| Withdrawn | KAUAET | Sanskrit University | 07/04/2012 | 13.60 | 828.09 | 6653 | Books | Transferred to Sanskrit University |
